书目信息 |
| 题名: |
韩国语口语教程
|
|
| 作者: | 张敏 , 黄一仙 编著 | |
| 分册: | ||
| 出版信息: | 北京 北京大学出版社 1995.12 |
|
| 页数: | 361页 | |
| 开本: | 20cm | |
| 丛书名: | ||
| 单 册: | ||
| 中图分类: | H559.9 | |
| 科图分类: | ||
| 主题词: | 朝鲜语--口语--教材 | |
| 电子资源: | ||
| ISBN: | 7-301-02942-X | |
| 000 | 00756nam0 2200265 i 450 | |
| 001 | CAL 011999080524 | |
| 005 | 20050914171830.72 | |
| 010 | @a7-301-02942-X@dCNY 14.50 | |
| 099 | @aCAL 011999080524 | |
| 100 | @a19970418d1995 em y0chiy0121 ea | |
| 101 | 0 | @achi@akor |
| 102 | @aCN@b110000 | |
| 105 | @ay z 000yy | |
| 200 | 1 | @a韩国语口语教程@Ahan guo yu kou yu jiao cheng@f张 敏,黄一仙编著 |
| 210 | @a北京@c北京大学出版社@d1995.12 | |
| 215 | @a361页@d20cm | |
| 300 | @a有朝文并列题名 | |
| 606 | 0 | @a朝鲜语@x口语@j教材 |
| 690 | @aH559.9@v4 | |
| 701 | 0 | @a张敏@Azhang min@4编著 |
| 701 | 0 | @a黄一仙@Ahuang yi xian@4编著 |
| 801 | 2 | @aCN@bLZT@c20050914 |
| 801 | 0 | @aCN@bNLC@c19960716 |
| 905 | @a10447@dH559.9@eZ145 | |
| 906 | @dCNY14.50@n0@r1 | |
| 韩国语口语教程/张 敏,黄一仙编著.-北京:北京大学出版社,1995.12 |
| 361页;20cm |
| 有朝文并列题名 |
| ISBN 7-301-02942-X:CNY 14.50 |
| ● |
| 相关链接 |
|
|
|
正题名:韩国语口语教程
索取号:H559.9/Z145
 
预约/预借
| 序号 | 登录号 | 条形码 | 馆藏地/架位号 | 状态 | 备注 |
| 1 | 551797 | 205517975 | 语言库209/ [索取号:H559.9/Z145] | 在馆 | |
| 2 | 551798 | 205517984 | 语言库209/209语言库 138排1列6层/ [索取号:H559.9/Z145] | 在馆 | |
| 3 | 551799 | 205517993 | 语言库209/209语言库 138排1列6层/ [索取号:H559.9/Z145] | 在馆 |